000 00240nam a22000857a 4500
008 160705b xxu||||| |||| 00| 0 eng d
100 _92246
_a Neogy, J
245 _aHow Best to Use the Internet and e -mail
260 _aDelhi
_b Pustak Mahal
_c2005
999 _c1934
_d1934